Musical Instruments by Letter (D-H) - Statistics

General Stats
  • This quiz has been taken 23 times
  • The average score is 8 of 15
Answer Stats
Hint Answer % Correct
Usually acoustic or electric Guitar
89%
Developed by the Aboriginal people of Australia Didgeridoo
84%
String instrument with pitch-altering foot pedals Harp
84%
Largest string instrument Double bass
74%
Free-reed mouth organ often used in jazz and funk Harmonica
68%
Circular metal instrument originating in Southeast Asia Gong
63%
Keyboard instrument with plucked strings Harpsichord
63%
Originally used for hunting French horn
53%
Smaller member of the tuba family Euphonium
47%
Supposedly created by the goddess Athena Flute
47%
Mallet instrument with a high-pitched metallic sound Glockenspiel
42%
Larger oboe with a deeper tone English horn
37%
Trapezoidal-shaped zither played with hammers Dulcimer
26%
Ribbed percussion instrument from Puerto Rico Guiro
21%
Similar to a steelpan Handpan
21%
No matching quizzes found
Score Distribution
Percent of People with Each Score
Percentile by Number Answered
Your Score History
You have not taken this quiz